<?xml version="1.0" encoding="UTF-8"?>
<record
    xmlns:xsi="http://www.w3.org/2001/XMLSchema-instance"
    xsi:schemaLocation="http://www.loc.gov/MARC21/slim http://www.loc.gov/standards/marcxml/schema/MARC21slim.xsd"
    xmlns="http://www.loc.gov/MARC21/slim">

  <leader>00790nam a2200181Ia 4500</leader>
  <controlfield tag="008">151018s9999    xx            000 0 und d</controlfield>
  <datafield tag="082" ind1=" " ind2=" ">
    <subfield code="b">RBASDV27485</subfield>
    <subfield code="a">891.463</subfield>
  </datafield>
  <datafield tag="100" ind1=" " ind2=" ">
    <subfield code="a">&#x906;&#x928;&#x902;&#x926;&#x930;&#x93E;&#x92E; &#x915;&#x943;&#x937;&#x94D;&#x923;&#x93E;&#x91C;&#x940; &#x91F;&#x947;&#x915;&#x93E;&#x921;&#x947;</subfield>
  </datafield>
  <datafield tag="245" ind1=" " ind2=" ">
    <subfield code="a">&#x92A;&#x94D;&#x930;&#x920;&#x940;&#x92D;&#x93E;&#x935;&#x924;&#x93E;&#x902;&#x91A;&#x94D;&#x92F;&#x93E; &#x92A;&#x93E;&#x909;&#x932;&#x916;&#x941;&#x923;&#x93E;</subfield>
  </datafield>
  <datafield tag="250" ind1=" " ind2=" ">
    <subfield code="b">1</subfield>
  </datafield>
  <datafield tag="260" ind1=" " ind2=" ">
    <subfield code="b">&#x935;&#x93F;&#x91C;&#x92F; &#x92A;&#x94D;&#x930;&#x915;&#x93E;&#x936;&#x928; &#x928;&#x93E;&#x917;&#x92A;&#x942;&#x930;</subfield>
    <subfield code="c">1996</subfield>
  </datafield>
  <datafield tag="300" ind1=" " ind2=" ">
    <subfield code="a">48</subfield>
  </datafield>
  <datafield tag="600" ind1=" " ind2=" ">
    <subfield code="a">&#x906;&#x928;&#x902;&#x926;&#x930;&#x93E;&#x92E; &#x915;&#x943;&#x937;&#x94D;&#x923;&#x93E;&#x91C;&#x940; &#x91F;&#x947;&#x915;&#x93E;&#x921;&#x947;</subfield>
  </datafield>
  <datafield tag="630" ind1=" " ind2=" ">
    <subfield code="a">&#x92A;&#x94D;&#x930;&#x920;&#x940;&#x92D;&#x93E;&#x935;&#x924;&#x93E;&#x902;&#x91A;&#x94D;&#x92F;&#x93E; &#x92A;&#x93E;&#x909;&#x932;&#x916;&#x941;&#x923;&#x93E;</subfield>
  </datafield>
  <datafield tag="700" ind1=" " ind2=" ">
    <subfield code="a">&#x906;&#x928;&#x902;&#x926;&#x930;&#x93E;&#x92E; &#x915;&#x943;&#x937;&#x94D;&#x923;&#x93E;&#x91C;&#x940; &#x91F;&#x947;&#x915;&#x93E;&#x921;&#x947;</subfield>
  </datafield>
  <datafield tag="730" ind1=" " ind2=" ">
    <subfield code="a">&#x92A;&#x94D;&#x930;&#x920;&#x940;&#x92D;&#x93E;&#x935;&#x924;&#x93E;&#x902;&#x91A;&#x94D;&#x92F;&#x93E; &#x92A;&#x93E;&#x909;&#x932;&#x916;&#x941;&#x923;&#x93E;</subfield>
  </datafield>
  <datafield tag="942" ind1=" " ind2=" ">
    <subfield code="c">BOOK</subfield>
  </datafield>
  <datafield tag="999" ind1=" " ind2=" ">
    <subfield code="c">1027075</subfield>
    <subfield code="d">1027072</subfield>
  </datafield>
  <datafield tag="952" ind1=" " ind2=" ">
    <subfield code="0">0</subfield>
    <subfield code="1">0</subfield>
    <subfield code="4">0</subfield>
    <subfield code="7">0</subfield>
    <subfield code="a">RBASDV</subfield>
    <subfield code="b">RBASDV</subfield>
    <subfield code="d">2009-02-11</subfield>
    <subfield code="g">21.00</subfield>
    <subfield code="l">0</subfield>
    <subfield code="o">RBASDV27485</subfield>
    <subfield code="p">RBASDV27485</subfield>
    <subfield code="r">2015-10-18 00:00:00</subfield>
    <subfield code="v">21.00</subfield>
    <subfield code="w">2015-10-18</subfield>
    <subfield code="y">BOOK</subfield>
  </datafield>
</record>
